000 00563nas a2200193 4500
001 000037017
003 DLC
005 20240830121223.0
008 120208c20069999dr tr1p dd 0 0spa d
040 _aDO-SdBNP
_bspa
_cBNPHU
043 _anwdr
245 0 0 _aRevista ciencias salud.
260 _aSanto Domingo :
_bFacultad de Ciencias de la Salud (UASD).
300 _av. :
_bil., retrs.
310 _aCuatrimestral
362 _aV. 3. No. 1 (enero - abril 2006)
500 _aCatalogación basada en el V. 3. No. 1 (enero - abril 2006)
942 _2ddc
_cISSUE
999 _c36507
_d36507